| 000 | 00774nam a22001937a 4500 | ||
|---|---|---|---|
| 003 | OSt | ||
| 005 | 20251202145126.0 | ||
| 008 | 251202b |||||||| |||| 00| 0 eng d | ||
| 040 | _cDCL | ||
| 041 | _aMyanmar | ||
| 082 | _a၄၂၈ | ||
| 100 |
_aစိုးမြင့်၊ _c ဦး။ |
||
| 245 | 1 | 0 |
_aDeveloping English Speaking / _cဦးစိုးမြင့်။ |
| 260 |
_aရန်ကုန် ၊ _bတက်လမ်းစာပေ၊ _c၁၉၉၇။ |
||
| 300 |
_a ၁၄၇ စာမျက်နှာ ၊ _c၂၁ စင်တီ။ |
||
| 650 | _aအင်္ဂလိပ်စကားပြော | ||
| 650 | _aအင်္ဂလိပ်စာအသုံးအနှုန်း | ||
| 942 |
_2ddc _cSHORT TERM _n0 |
||
| 999 |
_c2653 _d2653 |
||